Making sense of statistics in psychology: a second-level course

محفوظ في:
التفاصيل البيبلوغرافية
المؤلف الرئيسي: Everitt, Brian S (مؤلف)
التنسيق: كتاب
اللغة:الإنجليزية
منشور في: Oxford Oxford University Press 1996
الموضوعات:
الوسوم: إضافة وسم
لا توجد وسوم, كن أول من يضع وسما على هذه التسجيلة!

MARC

LEADER 00000nam a2200000 a 4500
001 UCP6979
003 CL-VaPUC
008 991126e19960000UK |||||||||||||||||eng|d
082 0 4 |a 150.1  |b EVE  |2 21 
100 0 |a Everitt, Brian S  |e author  |9 436330 
245 1 0 |a Making sense of statistics in psychology: a second-level course 
300 |a 350 p 
942 |c BK 
945 |d 19991126 00:00:00  |a vberengu 
260 |a Oxford  |b Oxford University Press  |c 1996 
500 |a Incluye disquete 
650 0 |a Estadística   |9 259535 
650 0 |a Modelos matemáticos   |9 259437 
650 0 |a Proceso de datos   |9 259776 
650 0 |a Psicología   |9 257863 
650 0 |a Psicometría  |9 260694 
583 |a last modification  |c 19991126 00:00:00  |k Rodrigo Vera 
999 |c 284351  |d 284349 
952 |0 0  |1 0  |4 0  |6 150_100000000000000_EVE_1996  |7 0  |8 A  |9 328258  |a BIBGIM  |b BIBGIM  |d 2019-11-20  |i 3576213  |o 150.1 EVE 1996  |p 3576213  |r 2025-01-15  |w 2019-11-20  |y BK  |k EST